[Event "Lienz op 22nd"]
[Site "Lienz"]
[Date "2025.02.10"]
[Round "4"]
[White "Van der Heijden, Ton"]
[Black "Ramsbacher, David"]
[Result "0-1"]
[WhiteElo "2275"]
[BlackElo "2079"]
[PlyCount "128"]
[EventDate "2025.02.08"]
[EventType "swiss"]
[EventRounds "9"]
[EventCountry "AUT"]
[SourceTitle "CB08_2025"]
[SourceDate "2025.02.19"]
[SourceVersion "1"]
[SourceVersionDate "2025.02.19"]
[SourceQuality "1"]

1. d4 Nf6 2. c4 e6 3. Nc3 d5 4. Nf3 Be7 5. Bg5 0-0 6. e3 Nbd7 7. cxd5 exd5 8. Bd3 c6 9. Qc2 Re8 10. h3 Ne4 11. Bxe4 dxe4 12. Nxe4 Bxg5 13. Nexg5 Nf8 14. Ne4 Bf5 15. Nfd2 Qh4 16. g4 Bxg4 17. Ng3 Rxe3+ 18. fxe3 Qxg3+ 19. Kf1 Bxh3+ 20. Ke2 Qg2+ 21. Kd3 Bf5+ 22. e4 Qg3+ 23. Ke2 Ne6 24. Qc3 Qg2+ 25. Ke3 Bg4 26. Kd3 Qe2+ 27. Kc2 Bf3 28. Rae1 Bxe4+ 29. Kc1 Nf4 30. Nxe4 Nd3+ 31. Kb1 Nxe1 32. Rxe1 Qg2 33. Qc5 Qg6 34. Qe5 f6 35. Qg3 Qxg3 36. Nxg3 Kf8 37. Rh1 h6 38. Nf5 Rd8 39. Rg1 Rd7 40. Kc2 h5 41. b4 g5 42. Kd3 Kf7 43. Ke4 Kg6 44. Nh4+ Kf7 45. Nf5 Rd8 46. b5 Re8+ 47. Kd3 Re6 48. a4 h4 49. a5 cxb5 50. Rc1 Kg6 51. d5 Re8 52. Ne3 h3 53. Rh1 Rh8 54. Ke4 Rh4+ 55. Kd3 f5 56. d6 g4 57. Rf1 h2 58. d7 Rh8 59. Nxf5 h1Q 60. Rxh1 Rxh1 61. Nd4 Rh8 62. Ne6 g3 63. Ke3 b4 64. Nc7 Rd8 0-1

[Event "Lienz op 22nd"]
[Site "Lienz"]
[Date "2025.02.09"]
[Round "3"]
[White "Ramsbacher, David"]
[Black "Knuedel, Torben"]
[Result "1/2-1/2"]
[WhiteElo "2079"]
[BlackElo "2296"]
[PlyCount "65"]
[EventDate "2025.02.08"]
[EventType "swiss"]
[EventRounds "9"]
[EventCountry "AUT"]
[SourceTitle "CB08_2025"]
[SourceDate "2025.02.19"]
[SourceVersion "1"]
[SourceVersionDate "2025.02.19"]
[SourceQuality "1"]

1. d4 d6 2. e4 Nf6 3. Nc3 e5 4. dxe5 dxe5 5. Qxd8+ Kxd8 6. Bg5 Be6 7. 0-0-0+ Nbd7 8. Nf3 Kc8 9. Be2 Bb4 10. Nd5 Bc5 11. Nxf6 Nxf6 12. Bxf6 gxf6 13. Kb1 c6 14. Rhf1 Kc7 15. Ne1 Bd6 16. h4 a5 17. h5 a4 18. g4 Rhg8 19. f3 b5 20. c3 b4 21. cxb4 Bxb4 22. Nd3 Rgb8 23. Nxb4 Rxb4 24. Rd2 Rd4 25. Rc2 Kb6 26. Rfc1 Rc8 27. Rc3 c5 28. b3 Rb4 29. Kb2 Rc6 30. Bc4 axb3 31. axb3 Bxc4 32. Rxc4 Rxc4 33. bxc4 1/2-1/2

[Event "AUT-chT U18 rapid"]
[Site "Vienna"]
[Date "2023.10.29"]
[Round "7.2"]
[White "Pilshofer, Paul"]
[Black "Ramsbacher, David"]
[Result "1-0"]
[WhiteElo "2128"]
[BlackElo "1934"]
[PlyCount "147"]
[EventDate "2023.10.29"]
[EventType "team-swiss"]
[EventRounds "7"]
[EventCountry "AUT"]
[SourceTitle "CBM 216 Extra"]
[Source "ChessBase"]
[SourceDate "2023.11.30"]
[SourceVersion "1"]
[SourceVersionDate "2023.11.30"]
[SourceQuality "1"]
[WhiteTeam "Burgenland U18"]
[BlackTeam "Kaernten U18"]
[WhiteTeamCountry "AUT"]
[BlackTeamCountry "AUT"]

1. d4 Nf6 2. Nf3 e6 3. g3 d5 4. Bg2 c6 5. 0-0 Be7 6. b3 b6 7. Bb2 Bb7 8. c4 0-0 9. Nc3 Qc7 10. Qc2 Nbd7 11. Rac1 Rac8 12. Rfd1 a6 13. cxd5 cxd5 14. Qd3 Qb8 15. Nd2 Rfd8 16. e4 dxe4 17. Ndxe4 Nxe4 18. Nxe4 Rxc1 19. Rxc1 Nf6 20. Qe2 Nxe4 21. Bxe4 Bf6 22. Qf3 Bd5 23. Qd3 h6 24. Bxd5 Rxd5 25. Qc4 b5 26. Qc6 Rd6 27. Qc5 Qd8 28. Qa7 Bxd4 29. Qb7 Qf6 30. Bxd4 Qxd4 31. Rc8+ Rd8 32. Qxa6 Qd1+ 33. Kg2 Qd5+ 34. f3 Qd2+ 35. Kh3 Rxc8 36. Qxc8+ Kh7 37. Qa8 b4 38. Qe4+ g6 39. Qb7 Kg7 40. Qe4 Qc3 41. Qf4 e5 42. Qe4 Qd4 43. Qe2 Kf6 44. Qa6+ Kg7 45. Qe2 Kf6 46. Kg2 Qc3 47. Qa6+ Kg7 48. Qe2 Kf6 49. h4 g5 50. Qa6+ Kg7 51. hxg5 hxg5 52. Qe2 Kg6 53. Kf2 Qd4+ 54. Qe3 Qb2+ 55. Kg1 Qxa2 56. Qe4+ Kh6 57. Qxb4 Qb1+ 58. Kg2 Qc2+ 59. Kh3 Qf5+ 60. Kg2 Qc2+ 61. Kf1 Qd1+ 62. Kf2 Qc2+ 63. Ke3 Kg6 64. Qd6+ f6 65. Qd3+ Qxd3+ 66. Kxd3 Kf7 67. Ke4 Ke6 68. g4 Kd6 69. b4 Kc6 70. Kf5 Kd5 71. b5 Kc5 72. Kxf6 Kxb5 73. Kxe5 Kc6 74. Kf5 1-0

[Event "AUT-ch U18 Rapid"]
[Site "Vienna"]
[Date "2023.10.28"]
[Round "4"]
[White "Lerch, Johannes"]
[Black "Ramsbacher, David"]
[Result "1-0"]
[WhiteElo "2283"]
[BlackElo "1934"]
[PlyCount "133"]
[EventDate "2023.10.27"]
[EventType "swiss"]
[EventRounds "9"]
[EventCountry "AUT"]
[SourceTitle "EXT 2025"]
[Source "ChessBase"]
[SourceDate "2024.10.14"]
[SourceVersion "1"]
[SourceVersionDate "2024.10.14"]
[SourceQuality "1"]

1. e4 c5 2. Nf3 e6 3. b3 a6 4. Bb2 d6 5. Nc3 Nf6 6. d4 cxd4 7. Qxd4 Nc6 8. Qe3 b5 9. Nd4 Bb7 10. Nxc6 Bxc6 11. f3 Qc7 12. Bd3 d5 13. exd5 Nxd5 14. Nxd5 Bxd5 15. 0-0-0 Bc5 16. Qg5 f6 17. Qh5+ Qf7 18. Qh4 b4 19. Rhe1 f5 20. Bc4 Be7 21. Qd4 Rd8 22. Qxg7 Qxg7 23. Bxg7 Rg8 24. Bxd5 Rxg7 25. Rxe6 Rxg2 26. Rde1 Rg7 27. Bc4 a5 28. R6e5 Ra8 29. Rxf5 Kd8 30. Rd1+ Kc7 31. Rfd5 Bg5+ 32. Kb1 h6 33. Rc5+ Kb6 34. Rb5+ Kc7 35. Bd5 Ra7 36. Be4 Rd7 37. Rc5+ Kd8 38. Rcd5 Rxd5 39. Rxd5+ Ke7 40. Rd3 Rc7 41. Kb2 Bf6+ 42. Kc1 Rc5 43. Kd1 Rg5 44. Rd5 Rg1+ 45. Ke2 Rg5 46. Rd2 Bc3 47. Rd5 Rg2+ 48. Kd3 Rd2+ 49. Kc4 Rxh2 50. Rxa5 Rd2 51. Ra7+ Kd6 52. Ra6+ Kc7 53. Rxh6 Rd4+ 54. Kc5 Rd1 55. Rh7+ Kd8 56. Bd5 Rg1 57. Rf7 Rg2 58. Be4 Rg5+ 59. Rf5 Rg2 60. Kc4 Rg7 61. Kd3 Kc7 62. Rc5+ Kb6 63. Rc6+ Kb5 64. Rg6 Rd7+ 65. Ke3 Bd2+ 66. Ke2 Bc3 67. Bc6+ 1-0

[Event "AUT-ch U16"]
[Site "St Veit"]
[Date "2021.10.27"]
[Round "4.7"]
[White "Pernerstorfer, Moritz"]
[Black "Ramsbacher, David"]
[Result "1-0"]
[WhiteElo "1884"]
[BlackElo "1885"]
[PlyCount "65"]
[EventDate "2021.10.25"]
[EventType "swiss"]
[EventRounds "7"]
[EventCountry "AUT"]
[SourceTitle "EXT 2023"]
[Source "ChessBase"]
[SourceDate "2022.10.05"]
[SourceVersion "1"]
[SourceVersionDate "2022.10.05"]
[SourceQuality "1"]

1. Nf3 d5 2. g3 Nf6 3. Bg2 e6 4. 0-0 Be7 5. d3 0-0 6. Nbd2 b6 7. e4 dxe4 8. dxe4 Bb7 9. Re1 Nxe4 10. Qe2 Nxd2 11. Bxd2 Nd7 12. Rad1 Qc8 13. Bf4 Nf6 14. h4 Be4 15. Ne5 Bxg2 16. Kxg2 Qb7+ 17. Kg1 Rad8 18. Rxd8 Bxd8 19. h5 c5 20. h6 g6 21. Bg5 Nh5 22. Bxd8 Rxd8 23. Qe3 Nf6 24. Qg5 Qe7 25. Nc6 Qf8 26. Qxf6 Rd7 27. Ne5 Rd5 28. g4 Rd4 29. g5 a6 30. Nc6 Rd7 31. Kf1 b5 32. Ke2 c4 33. Rd1 1-0

[Event "AUT-ch U16"]
[Site "St Veit"]
[Date "2021.10.25"]
[Round "1.9"]
[White "Ramsbacher, David"]
[Black "Liotta, Marcel"]
[Result "1-0"]
[WhiteElo "1885"]
[BlackElo "1515"]
[PlyCount "59"]
[EventDate "2021.10.25"]
[EventType "swiss"]
[EventRounds "7"]
[EventCountry "AUT"]
[SourceTitle "EXT 2023"]
[Source "ChessBase"]
[SourceDate "2022.10.05"]
[SourceVersion "1"]
[SourceVersionDate "2022.10.05"]
[SourceQuality "1"]

1. d4 d5 2. c4 Nc6 3. Nf3 Bg4 4. e3 Nf6 5. Nc3 e5 6. dxe5 Nxe5 7. cxd5 Bb4 8. Qa4+ Qd7 9. Qxb4 Nxf3+ 10. gxf3 Bxf3 11. Rg1 0-0-0 12. Be2 Nxd5 13. Nxd5 Qxd5 14. Bxf3 Qxf3 15. Qg4+ Qxg4 16. Rxg4 g6 17. Bd2 Rd5 18. Bc3 Re8 19. Rd1 Rh5 20. h4 Rf5 21. Ke2 c5 22. Rg5 Kc7 23. Rxf5 gxf5 24. Rd5 f4 25. Rxc5+ Kd7 26. Rf5 fxe3 27. Rxf7+ Kc6 28. fxe3 h5 29. Rf5 Re4 30. Rxh5 1-0

[Event "AUT-ch U14"]
[Site "St Veit"]
[Date "2019.06.08"]
[Round "1.13"]
[White "Weixler, Moritz"]
[Black "Ramsbacher, David"]
[Result "0-1"]
[WhiteElo "1097"]
[BlackElo "1565"]
[PlyCount "72"]
[EventDate "2019.06.08"]
[EventType "swiss"]
[EventRounds "7"]
[EventCountry "AUT"]
[SourceTitle "EXT 2024"]
[Source "ChessBase"]
[SourceDate "2023.10.10"]
[SourceVersion "1"]
[SourceVersionDate "2023.10.10"]
[SourceQuality "1"]

1. d4 d5 2. c4 e6 3. cxd5 exd5 4. Bf4 Nf6 5. Nc3 Bd6 6. Bg3 c6 7. e3 Bg4 8. Qc2 0-0 9. Bd3 Qc7 10. Bh4 Nbd7 11. Nf3 h6 12. Bg3 Rfe8 13. Ne2 Qa5+ 14. Nd2 Bxe2 15. Bxd6 Bxd3 16. Qxd3 Ne4 17. Ba3 Nb6 18. b4 Qa4 19. Qb3 Qb5 20. Bc1 Nxd2 21. Bxd2 Nc4 22. Qc2 Qb6 23. 0-0 Re4 24. Bc3 Rae8 25. Rfe1 R8e6 26. Re2 Qc7 27. Rae1 Qe7 28. Bd2 Rxd4 29. Bc3 Rde4 30. Bd4 b6 31. Bc3 c5 32. bxc5 bxc5 33. Qc1 d4 34. Bd2 d3 35. f3 R4e5 36. Rf2 Nxe3 0-1

[Event "AUT-ch U14"]
[Site "St Kanzian"]
[Date "2018.05.21"]
[Round "6.8"]
[White "Lemsitzer, Simon"]
[Black "Ramsbacher, David"]
[Result "1/2-1/2"]
[WhiteElo "1701"]
[BlackElo "1572"]
[PlyCount "67"]
[EventDate "2018.05.19"]
[EventType "swiss"]
[EventRounds "7"]
[EventCountry "AUT"]
[SourceTitle "EXT 2024"]
[Source "ChessBase"]
[SourceDate "2023.10.10"]
[SourceVersion "1"]
[SourceVersionDate "2023.10.10"]
[SourceQuality "1"]

1. e4 c5 2. Nf3 b6 3. c4 Bb7 4. Nc3 e6 5. e5 Nc6 6. d3 d6 7. exd6 Bxd6 8. Ne4 Nge7 9. Nxd6+ Qxd6 10. Be2 0-0 11. 0-0 Rad8 12. a3 h6 13. Bd2 Ng6 14. Qc1 Nce5 15. Nxe5 Nxe5 16. Bf4 Qc6 17. f3 Nxd3 18. Bxd3 Rxd3 19. Qc2 Qd7 20. Be5 Rd8 21. Bc3 Qd6 22. Rae1 Qf4 23. Kh1 Qxc4 24. Rd1 Rxd1 25. Rxd1 Rxd1+ 26. Qxd1 Qd5 27. Qc2 Ba6 28. h3 c4 29. Qa4 Qb5 30. Qd1 Qe8 31. Qd4 f6 32. Qg4 e5 33. f4 exf4 34. Qxf4 1/2-1/2

[Event "AUT-ch U12"]
[Site "St Veit"]
[Date "2017.06.05"]
[Round "6.13"]
[White "Lederer, Markus"]
[Black "Ramsbacher, David"]
[Result "0-1"]
[WhiteElo "1492"]
[BlackElo "1348"]
[PlyCount "60"]
[EventDate "2017.06.03"]
[EventType "swiss"]
[EventRounds "7"]
[EventCountry "AUT"]
[SourceTitle "EXT 2024"]
[Source "ChessBase"]
[SourceDate "2023.10.10"]
[SourceVersion "1"]
[SourceVersionDate "2023.10.10"]
[SourceQuality "1"]

1. c4 c5 2. Nc3 b6 3. g3 Bb7 4. Nf3 Bxf3 5. exf3 Qc8 6. Bg2 Nf6 7. 0-0 e6 8. d3 Be7 9. Be3 0-0 10. Qd2 d5 11. f4 Nc6 12. cxd5 exd5 13. Nxd5 Nxd5 14. Bxd5 Rd8 15. Bg2 Rb8 16. a3 Rd6 17. Rad1 Qd7 18. Qe2 Rd8 19. Rd2 Nd4 20. Bxd4 Rxd4 21. Rfd1 Bf6 22. b3 h6 23. Kh1 Qb5 24. Rb1 a6 25. Bf1 Qd7 26. Rc1 Qd5+ 27. Bg2 Qxb3 28. Be4 Qxa3 29. Rc4 Rxc4 30. dxc4 Qc1+ 0-1

[Event "AUT-ch U12"]
[Site "St Veit"]
[Date "2016.05.15"]
[Round "3"]
[White "Tantscher, Christoph"]
[Black "Ramsbacher, David"]
[Result "1-0"]
[WhiteElo "1312"]
[BlackElo "1302"]
[PlyCount "47"]
[EventDate "2016.05.14"]
[EventType "swiss"]
[EventRounds "7"]
[EventCountry "AUT"]
[SourceTitle "CBM 172 Extra"]
[Source "ChessBase"]
[SourceDate "2016.06.21"]
[SourceVersion "1"]
[SourceVersionDate "2016.06.21"]
[SourceQuality "1"]

1. e4 c5 2. f4 b6 3. Nc3 Bb7 4. Nf3 Nf6 5. d3 e6 6. Be2 d5 7. e5 Nfd7 8. d4 Nc6 9. Be3 Be7 10. 0-0 0-0 11. Bd3 Rc8 12. Qe1 Re8 13. Qg3 Nb4 14. f5 Bf8 15. f6 g6 16. Ng5 c4 17. a3 cxd3 18. axb4 dxc2 19. Qh3 h5 20. g4 Bh6 21. gxh5 Bxg5 22. Bxg5 Nf8 23. hxg6 Nxg6 24. Qh6 1-0